000 00365nam a2200145Ia 4500
008 100122s9999 xx 000 0 und d
082 _b38819
_a823
100 _aदेसाई रणजित
245 _aबारी
260 _bरा.ज.देशमुख
_c1905
300 _a223
630 _aबारी
730 _aबारी
942 _cBOOK
999 _c420764
_d420761